| 000 | 00638nam a22002057a 4500 | ||
|---|---|---|---|
| 003 | OSt | ||
| 005 | 20230110100639.0 | ||
| 008 | 210226s1988 ||||| |||| 00| 0 eng d | ||
| 040 |
_aeng _beng _cDLC _deng |
||
| 041 | _aeng | ||
| 080 |
_a61 _bC-96 |
||
| 100 |
_91178 _aCushing, Harvey |
||
| 245 |
_aThis Special Edition of Meningiomas _c/ by: The Classics of Neurology and Neurosurgery Library |
||
| 260 |
_aBirmingham, Alabama _bThe Classics of Neurology and Neurosurgery Library _c1988 |
||
| 300 |
_a785 p. _bill. |
||
| 650 | 0 |
_969 _aMedicine |
|
| 653 | _aმედიცინა | ||
| 700 |
_91189 _aEisenhardt, Louise |
||
| 942 |
_2udc _cBK |
||
| 999 |
_c1813 _d1813 |
||